000 00614nam a22001817a 4500
999 _c189291
_d189291
005 20220623104108.0
010 _aENG-133334
020 _a9789386473004
_c695.00
035 _aEN-116866
037 _bDBAD/PUB
082 _a321.8
100 _aKashyap, Subhash C
245 _aDemocracy and Good Governance:
_bSome Guidelines for Today's Parliamentarians/
_cSubhash C Kashyap
260 _aNew Delhi
_bVitasta Publishing Pvt Ltd
_c2017
270 _a2/15, Ansari Road, Daryaganj
_bNew Delhi
_e110002
_minfo@vitastapublishing.com
300 _a420p.
_c22cm(hbk)
942 _2ddc
_cEN
_h321.8
_mKAS